| 000 | 00738nam a22002177a 4500 | ||
|---|---|---|---|
| 005 | 20100810103447.0 | ||
| 010 | _aENG-99128 | ||
| 020 |
_a9788190573580 _c495.00 |
||
| 035 | _aEN-82660 | ||
| 037 | _bDBAD/PUB | ||
| 082 | _a338.954 | ||
| 245 | _aBusiness standard India 2010 / | ||
| 260 |
_aNew Delhi _bBS Books _c2010 |
||
| 270 |
_a4 Bahadur Shah Zafar Marg _bNew Delhi _e110002 |
||
| 300 |
_axx,243p. _c22cm (Hb) |
||
| 650 |
_aBusiness Enterprices _911358 |
||
| 650 |
_aEconomic Development _91374 |
||
| 650 |
_aEconomic Policy _91373 |
||
| 942 |
_2ddc _cEN _h338.954 _mBUS |
||
| 999 |
_c40493 _d40493 |
||